Multimedia Systems : Delivering, Generating and Interacting with Multimedia /

This book not only equips you to design multimedia delivery systems, but also gives you a feel for what multimedia computers could be doing in 3 or 5 years time. Tim Morris introduces the reader to the methods of generating and delivering multimedia, and also gives an overview of current research in...

Full description

Bibliographic Details
Main Author: Morris, Tim
Corporate Author: SpringerLink (Online service)
Format: eBook
Language:English
Published: London : Springer London : Imprint : Springer, 2000.
Series:Applied computing.
Subjects:
Online Access:Connect to the full text of this electronic book

MARC

Tag First Indicator Second Indicator Subfields
LEADER 00000cam a2200000Ma 4500
001 in00003545263
006 m o d
007 cr nn|||||||||
008 121227s2000 enk o 000 0 eng d
005 20260422200637.6
020 |a 9781447104551 (electronic bk.) 
020 |a 1447104552 (electronic bk.) 
035 |a (OCoLC)840277062 
040 |a I9W  |b eng  |e pn  |c I9W  |d OCLCO  |d OCLCQ  |d UV0  |d OCLCO  |d GW5XE  |d OCLCF  |d UtOrBLW 
049 |a TXAM 
050 4 |a QA76.575 
082 0 4 |a 006.7  |2 23 
100 1 |a Morris, Tim. 
245 1 0 |a Multimedia Systems :  |b Delivering, Generating and Interacting with Multimedia /  |c by Tim Morris. 
264 1 |a London :  |b Springer London :  |b Imprint :  |b Springer,  |c 2000. 
300 |a 1 online resource (XI, 191 pages) 
336 |a text  |b txt  |2 rdacontent 
337 |a computer  |b c  |2 rdamedia 
338 |a online resource  |b cr  |2 rdacarrier 
490 1 |a Applied Computing, 1431-1542 
505 0 |a Preface -- Introduction -- Perception and Data Coding -- Organising and Delivering Multimedia Objects -- Hardware to Support Multimedia Systems -- Multimedia Interactivity -- Speech Generation -- Speech Recognition -- Head Pointing Devices -- Gesture Recognition -- Motion Following and Interception -- Synthesising a Visual Response -- Conclusions -- Appendix 1 -- HTML -- Appendix 2 -- Mathematical Techniques -- Index. 
520 |a This book not only equips you to design multimedia delivery systems, but also gives you a feel for what multimedia computers could be doing in 3 or 5 years time. Tim Morris introduces the reader to the methods of generating and delivering multimedia, and also gives an overview of current research in the area in order to show the generic tasks multimedia systems will be achieving in the future. The book is divided into 2 parts, discussing how multimedia delivery systems are designed and constructed, and then covering the methods of realising true multimedia computing. Although Multimedia Systems is written to be read alongside a multimedia module of a computer science undergraduate course, it will be of general interest to all those working in multimedia. Supplementary material is provided via the WWW including a summary and source material for project work. http://www.co.umist.ac.uk/~dtm/software.html. 
500 |a Electronic resource. 
650 0 |a Computer science. 
650 0 |a Multimedia systems. 
650 7 |a Computer science.  |2 fast  |0 (OCoLC)fst00872451 
650 7 |a Multimedia systems.  |2 fast  |0 (OCoLC)fst01028920 
655 7 |a Electronic books.  |2 local 
710 2 |a SpringerLink (Online service) 
830 0 |a Applied computing. 
856 4 0 |u http://proxy.library.tamu.edu/login?url=https://link.springer.com/10.1007/978-1-4471-0455-1  |z Connect to the full text of this electronic book  |t 0 
994 |a 92  |b TXA 
999 |a MARS 
999 f f |s 1b764d94-93ee-3c6d-a31d-4d0cda5fd79c  |i aeaf88ff-0303-30d0-81ea-30858b030102  |t 0 
952 f f |a Texas A&M University  |b College Station  |c Electronic Resources  |s www_evans  |d Available Online  |t 0  |e QA76.575  |h Library of Congress classification 
998 f f |a QA76.575  |t 0  |l Available Online